000
00278nam a2200097Ia 4500
001
967706
005
20250826220329.0
008
250824s9999 xx 000 0 und d
245
0
_a
ÇOCUK EĞİTİMİNDE 100 MUCİZE ÇÖZÜM
_c
HATİCE KÜBRA TONGAR
260
_b
HAYY KİTAP YAYINLARI
999
_c
967706
_d
967706